000 00770nam a2200193 i 4500
001 156084
003 ES-MaACL
005 20230906210320.0
008 940202s1867 sp |||| |dspa d
100 1 _aIriondo, Eduardo.
_9128200
245 1 0 _aImpresiones del viaje de circunnavegación en la fragata blindada Numancia /
_cpor Eduardo Iriondo.
260 _aMadrid :
_b[s.n.],
_c1867 (
_fImp. de los Señores Gasset, Loma y Compañía, a cargo de Diego Valero)
300 _a355 p. ;
_c18 cm.
530 _aDisponible en formato digital.
610 2 4 _aNumancia (Barco)
_9146836
650 0 4 _aViajes alrededor del mundo-
_yS.XIX.
_9151090
852 _aES-MaACL
_jC-3537
856 _uhttp://bdh-rd.bne.es/viewer.vm?id=0000039081&page=1
_zBiblioteca Digital Hispánica
999 _c156084
_d156084